When families hurt. (Record no. 14613)

000 -LEADER
fixed length control field 00550nam a2200193 a 4500
001 - CONTROL NUMBER
control field :::00012445$&:&@@
003 - CONTROL NUMBER IDENTIFIER
control field OkBaRHE
005 - DATE AND TIME OF LATEST TRANSACTION
control field 20000607103419.0
008 - FIXED-LENGTH DATA ELEMENTS--GENERAL INFORMATION
fixed length control field s1979 j 000 0 eng u
040 ## - CATALOGING SOURCE
Transcribing agency
100 1# - MAIN ENTRY--PERSONAL NAME
Personal name Cole, W. Douglas.
245 10 - TITLE STATEMENT
Title When families hurt.
260 ## - PUBLICATION, DISTRIBUTION, ETC. (IMPRINT)
Place of publication, distribution, etc Nashville, TN., :
Name of publisher, distributor, etc Broadman Press
Date of publication, distribution, etc c1979
300 ## - PHYSICAL DESCRIPTION
Extent 137 p. ;
Dimensions 20 cm.
650 ## - SUBJECT ADDED ENTRY--TOPICAL TERM
Topical term or geographic name as entry element Conduct of Life
650 ## - SUBJECT ADDED ENTRY--TOPICAL TERM
Topical term or geographic name as entry element Family
942 ## - ADDED ENTRY ELEMENTS (KOHA)
Source of classification or shelving scheme
Koha item type Books
Copies
Not for loan Copy number Full call number Source of classification or shelving scheme Damaged status Date acquired Permanent Location Barcode Price effective from Date last seen Withdrawn status Koha item type Shelving location Lost status
 1HQ 734 .C594  2010-04-14RHEMA Bible Training College124452010-04-142010-04-14 BooksGeneral Stacks